00613 a2200181 4500003000400000005001700004008004100021020001800062040000900080082001800089100003100107245005800138260003900196300000900235942004200244952012800286999001700414OSt20231222162516.0231222b |||||||| |||| 00| 0 eng d a9788181436962 coclc a891.43bSHA/K aSharma, Brijbhushan910199 aKABEER KI SAUNDARYA BHAWANA /cDr. Brijbhushan Sharma aNew Delhi:bVani Prakashan,c2008. a286p 2ddccBKh891.43iSHA/Kk891.43mSHA/K 00102ddc40708LITaMESbMEScHINd2023-12-22l0o891.43 SHA/Kp43171r2023-12-22 16:24:19v295.00w2023-12-22yBKzGR6R4 c43537d43537